000 01675camaa2200385 i 4500
003 EG-GiCUC
005 20251112095603.0
008 190428s2000 ua a jr 000 0 ara d
017 _a2001 / 2386
_bدار الكتب والوثائق القومية (مصر)
020 _a9773271250
040 _aEG-GiCUC
_bara
_cEG-GiCUC
082 0 4 _221
_a189.1092
_bM215ir
092 0 4 _a189.1092
_bM215ir
_221
099 _a189.1092 M215ir
100 1 _aالعراقى، عاطف
245 0 0 _aزكى نجيب محمود :
_bمفكرا عربيا و رائدا للاتجاه العلمى التنويرى /
_cتصدير وإشراف عاطف العراقى.
264 _aالاسكندرية(مصر) :
_bدار الوفاء لدنيا الطباعة و النشر،
_c[2000].
300 _a875 صفحة :
_bايضاحيات ؛
_c24 سم
336 _2rdacontent
_atext
337 _2rdamedia
_aUnmediated
338 _2rdacarrier
_avolume
500 _aالنسخة رقم (173863) اهداء د. جابر عصفور سنة 2024
504 _aيشتمل على ارجاعات ببليوجرافية.
541 _cاهداء ؛
_aأ.د. حسنين محمد ربيع ؛
_bالقاهرة ؛
_d2019
541 _cاهداء ؛
_aد. جابر عصفور ؛
_bالقاهرة ؛
_d2024.
600 1 0 _aمحمود : زكى نجيب :
_d1905-
650 1 7 _aالفلاسفة المصريون
_2qrmak
650 1 7 _aالفلاسفة
_zمصر
_2qrmak
650 1 7 _aالفلسفة الحديثة
_2qrmak
650 1 7 _aالمؤلفون العرب
_zمصر
_2qrmak
905 _aحنان
_eمدخل
905 _aAya
905 _aغاده
_eمراجع
942 _2ddc
_cBK
_e21
_n0
999 _c153955
_d153955